Heuristics : intelligent search strategies for computer problem solving /

Uloženo v:
Podrobná bibliografie
Hlavní autor: Pearl, Judea (autor)
Médium: Kniha
Jazyk:angličtina
Vydáno: EUA : Addison-Wesley, 1984
Témata:
Tagy: Přidat tag
Žádné tagy, Buďte první, kdo vytvoří štítek k tomuto záznamu!

MARC

LEADER 00000nam^a2200000^a^4500
001 000000120
005 20250521000000.0
009 20260310083015.77
020 |a 0-201-05594-5 
037 |a Acervo ITESO - Biblioteca 
041 |a ING 
082 |a 006. 3  |b PEA 
100 |a Pearl, Judea  |e (autor) 
245 1 0 |a Heuristics :  |b intelligent search strategies for computer problem solving /  |c J. Pearl. 
264 1 |a EUA :  |b Addison-Wesley,  |c 1984 
300 |a 382 p. 
336 |a texto  |b txt  |2 rdacontenido 
337 |a sin mediación  |b n  |2 rdamedio 
338 |a volumen  |b nc  |2 rdasoporte 
649 |a XX 
650 |a Inteligencia Artificial 
650 |a Solución de Problemas 
650 |a Proceso de Datos 
650 |a Ingeniería Computacional 
910 |a Fondo General 
920 |a Impresos - Libros 
930 |a Colección General 
905 |a 101 
901 |a 0001200200  |b IT1  |c ACC  |i 904583  |u 20250521 
902 |a https://opac.biblio.iteso.mx/vufind/Record/000000120